| 000 | 01173cam a22003134a 4500 | ||
|---|---|---|---|
| 001 | 16310975 | ||
| 003 | EG-ScBUE | ||
| 005 | 20221201104115.0 | ||
| 008 | 100630t2010 njua f b 001 0 eng d | ||
| 020 | _a0470444045 | ||
| 020 | _a9780470444047 | ||
| 040 |
_aDLC _beng _erda _cDLC _dDLC _dEG-ScBUE |
||
| 082 | 0 | 4 |
_a725.4 _bFAC _222 |
| 245 | 0 | 0 |
_aFacilities planning / _cJames A. Tompkins, Tompkins Associates, Inc. [and three others] |
| 250 | _aFourth edition. | ||
| 264 | 1 |
_aHoboken, NJ : _bJohn Wiley & Sons, Inc, _c[2010] |
|
| 264 | 4 | _cc2010 | |
| 300 |
_ax, 854 pages : _billustrations ; _c26 cm |
||
| 504 | _aIncludes bibliographical references and index. | ||
| 650 | 7 |
_aFactories _xDesign and construction. _2BUEsh _920607 |
|
| 650 | 7 |
_aFacility management. _2BUEsh _920608 |
|
| 653 | _bART | ||
| 655 | _vReading book | ||
| 700 | 1 |
_aTompkins, James A., _eauthor. _920609 |
|
| 856 | 4 | 2 |
_3Publisher description _uhttp://www.loc.gov/catdir/enhancements/fy1011/2010455781-d.html |
| 856 | 4 | 1 |
_3Table of contents only _uhttp://www.loc.gov/catdir/enhancements/fy1011/2010455781-t.html |
| 942 |
_2ddc _cBB |
||
| 999 |
_c14787 _d14787 |
||